Statistiken für Kader der Schweiz für die WM 2014

Klicken Sie hier um das Quiz zu spielen!

Allgemein

  • Dieses Quiz wurde 44 mal gespielt
  • Das Durchschnittsergebnis liegt bei 10 aus 24

Antwortstatistiken

Position#Spieler% Korrekt
MF10Granit Xhaka
84%
TW12Yann Sommer
82%
TW1Diego Benaglio
79%
MF23Xherdan Shaqiri
76%
ST9Haris Seferovic
63%
AB13Ricardo Rodriguez
61%
MF22Fabian Schär
58%
TW21Roman Bürki
53%
AB2Stephan Lichtsteiner
50%
ST18Admir Mehmedi
42%
MF11Valon Behrami
37%
TR-Ottmar Hitzfeld
34%
MF15Blerim Dzemaili
29%
AB20Johan Djourou
26%
MF4Philippe Senderos
26%
ST19Josip Drmic
24%
MF16Gelson Fernandes
21%
MF8Gökan Inler
21%
ST17Mario Gavranovic
21%
MF19Valentin Stocker
21%
MF7Tranquillo Barnetta
18%
MF5Steve von Bergen
16%
AB6Michael Lang
11%
MF3Reto Ziegler
5%

Verteilung der Resultate

Perzentil nach korrekt beantworteten Fragen

Anzahl Personen mit jedem Resultat

Ihre Resultats-Entwicklung

Sie haben dieses Quiz noch nicht gespielt